000 00540nam a2200169 i 4500
001 69262
003 ES-MaACL
005 20230906170458.0
007 t|
008 040702s1977 sp ||||1| spa d
100 1 _aGarcía Antón, Irene.
_954166
245 1 3 _aEl arte modernista en Novelda /
_cIrene García Antón.
260 _a[Alicante :
_bCaja de Ahorros de Alicante y Murcia],
_c1977.
300 _a82 p., 12 p. de lám. ;
_c25 cm.
710 2 _aCaja de Ahorros de Alicante y Murcia.
_92281
852 _aES-MaACL
_jA-10724
_bR.100173
999 _c69262
_d69262